| 000 | 00777cam a2200205 4500 | ||
|---|---|---|---|
| 001 | WB3609-35 | ||
| 008 | 000000n2000 000 0 eng u | ||
| 035 | _a(Sirsi) u104539 | ||
| 245 | _aMobile masts | ||
| 260 | _c2000 | ||
| 490 |
_aDaily Telegraph _v2 March 2000, 15(1) |
||
| 520 | _aTories have published proposals to protect Britain from the 'pending environmental disaster' caused by the spread of mobile phone masts. A future Conservative government would make it easier for councils to stop masts being erected near schools, hospitals and homes. | ||
| 590 | _aWB | ||
| 650 | _aTELECOMMUNICATION MASTS | ||
| 650 | _aMOBILE PHONE MASTS | ||
| 650 | _aPLANNING PROCEDURES | ||
| 650 | _aPLANNING PERMISSION | ||
| 690 | _aTRANSPORT AND COMMUNICATIONS | ||
| 942 | _n0 | ||
| 999 |
_c62727 _d62727 |
||